000 00944nam a2200253 a 4500
001 52904
003 BD-RjUL
005 20211209075859.0
008 160928s1995 bg a|||| b||| 00| 0 ben d
020 _c : TK 300.00
035 _a(BD-RjUL)53023
040 _aBD-RjUL
_bben
_cBD-RjUL
041 _aben
082 _223
_a639.68
_bPUC 1995
100 1 _aপাল, সুশান্ত কুমার
_9145100
245 1 0 _aচিংড়ি :
_bজীববিদ্যা ও চাষ ব্যবস্থাপনা /
_cসুশান্ত কুমার পাল
250 _a১ম সং.
260 _aঢাকা :
_bমনিকা পাল,
_c১৯৯৫
300 _a২২৭ পৃ. :
_bচিত্র ;
_c২১ সেমি.
504 _aসংযুক্ত গ্রন্থপুঞ্জি
650 _aচিংড়ি চাষ
_9145101
650 _aShrimps culture
_9145102
942 _2ddc
_cBK
999 _c52904
_d52904